000 00958nam a2200265Ia 4500
008 191130s2009##################000#0#eng##
020 _a9780774816830
022 _a2010502238
040 _aACL
_cACL
082 _a327.710598 WEB
100 _aWebster, David
245 _aFire and the full moon : Canada and Indonesia in a decolonizing world
_cDavid Webster
260 _aVancouver, Toronto
_bUBC Press
_cc2009
300 _ax, 257 p. : ill., map ; 24 cm
500 _aIncludes bibliographical references (p. [235]-249) and index
650 _aCanada - Foreign relations - 1945-
650 _aCanada - Foreign relations - Indonesia
650 _aCanada - Relations extérieures - 1945-
650 _aCanada - Relations extérieures - Indonésie
650 _aDécolonisation - Indonésie - Histoire
650 _aDecolonization - Indonesia - History
990 _afa242dd3ac10000c7ffa8d982ae95d75
991 _a130959
999 _c184114
_d184114